[Event "Rated Blitz game"]
[Site "?"]
[Date "2021.10.09"]
[Round "?"]
[White "Moon_Lighter"]
[Black "Benny_Watts_2005"]
[Result "1-0"]
[WhiteElo "2460"]
[BlackElo "2410"]
[PlyCount "115"]
[EventDate "2021.??.??"]
[EventType "blitz"]

1. e4 e5 2. Nf3 d5 3. d4 dxe4 4. Nxe5 Bd6 5. Bc4 Bxe5 6. Qh5 Qe7 7. Qxe5 Qxe5
8. dxe5 Nc6 9. Nc3 Nxe5 10. Bb3 Nf6 11. O-O O-O 12. Bg5 Bf5 13. Rfe1 Ned7 14.
Nd5 Nxd5 15. Bxd5 Nc5 16. Be7 c6 17. Bc4 Na4 18. Bxf8 Kxf8 19. Bb3 Nc5 20. Rad1
Nxb3 21. axb3 Bg6 22. b4 f5 23. Rd7 Rb8 24. Red1 Be8 25. Rc7 h5 26. h4 g6 27.
Kf1 a6 28. Ke2 b6 29. Ke3 a5 30. bxa5 bxa5 31. b3 Rb4 32. Rd4 Rb5 33. Ra7 Rc5
34. Kd2 Re5 35. Ra4 f4 36. R4xa5 Rd5+ 37. Rxd5 cxd5 38. c4 d4 39. b4 Bf7 40. c5
Bc4 41. c6 e3+ 42. fxe3 fxe3+ 43. Kc2 d3+ 44. Kc3 e2 45. Ra1 Be6 46. Kxd3 Bg4
47. c7 Ke7 48. c8=Q Bxc8 49. Kxe2 Bg4+ 50. Ke3 Kd6 51. g3 Kc6 52. Rc1+ Kb5 53.
Rc5+ Kxb4 54. Rg5 Kc4 55. Rxg6 Kd5 56. Rg5+ Ke6 57. Kf4 Kf6 58. Ra5 {Time
forfeit} 1-0

[Event "Rated Blitz game"]
[Site "?"]
[Date "2021.10.08"]
[Round "?"]
[White "Krpokapetan"]
[Black "planetchuky"]
[Result "0-1"]
[WhiteElo "2504"]
[BlackElo "2496"]
[PlyCount "56"]
[EventDate "2021.??.??"]
[EventType "blitz"]

1. e4 e5 2. Nf3 d5 3. exd5 e4 4. Qe2 Nf6 5. Nc3 Be7 6. Nxe4 Nxd5 7. d4 O-O 8.
Bd2 Nc6 9. O-O-O Bf5 10. Ng3 Bg6 11. Ne5 Nxd4 12. Qg4 Nf6 13. Qh4 Ne4 14. Qxe4
Bxe4 15. Nxe4 Qd5 16. Bc3 c5 17. Nxc5 Bxc5 18. Nf3 Qxa2 19. Nxd4 Rad8 20. Nb3
Rxd1+ 21. Kxd1 Qb1+ 22. Nc1 Bxf2 23. Bd3 Be3 24. Bd2 Bxd2 25. Kxd2 Qxb2 26. Re1
Qb4+ 27. Kd1 Rd8 28. h3 a5 {Normal} 0-1

[Event "Rated Blitz game"]
[Site "?"]
[Date "2021.10.08"]
[Round "?"]
[White "tarjih2014"]
[Black "Kiridima123"]
[Result "1-0"]
[WhiteElo "2354"]
[BlackElo "2433"]
[PlyCount "109"]
[EventDate "2021.??.??"]
[EventType "blitz"]

1. e4 e5 2. Nf3 d5 3. exd5 e4 4. Ne5 Qxd5 5. d4 exd3 6. Nxd3 Nf6 7. Nc3 Qc6 8.
Bg5 Bg4 9. f3 Bf5 10. Qe2+ Be7 11. Ne5 Qb6 12. Nc4 Qe6 13. Nb5 Na6 14. O-O-O
O-O 15. Qxe6 Bxe6 16. Na5 Bxa2 17. Nc3 Be6 18. Nxb7 Nb4 19. Na5 h6 20. Bf4 Nfd5
21. Nxd5 Nxd5 22. Bg3 Rab8 23. Nc6 Bg5+ 24. f4 Nxf4 25. Nxb8 Rxb8 26. Kb1 a5
27. h4 Bf6 28. Bxf4 Rxb2+ 29. Kc1 a4 30. Rd3 Bf5 31. Ra3 Rxc2+ 32. Kd1 Rf2 33.
Bxc7 Bc2+ 34. Ke1 Bd4 35. Bb5 Rxg2 36. Rf1 Rh2 37. Bxa4 Bd3 38. Rxd3 Rxh4 39.
Bb3 Kh7 40. Rxf7 Bf6 41. Rxf6 gxf6 42. Bc2 Kg7 43. Rd7+ Kf8 44. Bd6+ Ke8 45.
Re7+ Kd8 46. Bf5 Rd4 47. Re6 h5 48. Rxf6 Rd5 49. Kf2 h4 50. Kf3 h3 51. Bxh3 Ke8
52. Bf4 Ke7 53. Re6+ Kf7 54. Ra6 Rd7 55. Bxd7 {Normal} 1-0

[Event "Rated Blitz game"]
[Site "?"]
[Date "2021.10.08"]
[Round "?"]
[White "PloGrinder"]
[Black "RCompany_1"]
[Result "0-1"]
[WhiteElo "2510"]
[BlackElo "2444"]
[PlyCount "116"]
[EventDate "2021.??.??"]
[EventType "blitz"]

1. e4 e5 2. Nf3 d5 3. exd5 e4 4. Qe2 Nf6 5. Nc3 Be7 6. Nxe4 Nxd5 7. d3 O-O 8.
Qd1 Re8 9. Be2 c5 10. O-O Nc6 11. Bd2 Qc7 12. Re1 Bf5 13. Bf1 Rad8 14. h3 h6
15. Qc1 Nd4 16. Nxd4 cxd4 17. c4 dxc3 18. bxc3 Bxe4 19. dxe4 Nb6 20. Bb5 Rf8
21. Bf4 Qc5 22. a4 a6 23. Bf1 Nc4 24. Qc2 Bf6 25. Qb3 b5 26. axb5 axb5 27. Bxc4
bxc4 28. Qa3 Qxa3 29. Rxa3 Rd3 30. Re3 Rfd8 31. e5 Be7 32. Ra4 Bc5 33. Rxd3
cxd3 34. Bd2 Rb8 35. Ra2 Rb1+ 36. Kh2 Bxf2 37. g4 Be1 38. Kg2 Rd1 39. Bxe1 Rxe1
40. Kf3 Rxe5 41. Rd2 Rd5 42. Ke3 f5 43. Rxd3 f4+ 44. Ke4 Rxd3 45. Kxd3 g5 46.
Ke4 Kf7 47. c4 Ke7 48. h4 Kd6 49. hxg5 hxg5 50. Kf5 f3 51. Kxg5 f2 52. Kh6 f1=Q
53. g5 Qf8+ 54. Kg6 Qg8+ 55. Kf6 Kc5 56. g6 Kxc4 57. g7 Kd5 58. Kg6 Ke6 {
Time forfeit} 0-1

[Event "Rated Blitz game"]
[Site "?"]
[Date "2021.10.08"]
[Round "?"]
[White "TennY_TrigaH"]
[Black "RCompany_1"]
[Result "0-1"]
[WhiteElo "2444"]
[BlackElo "2441"]
[PlyCount "32"]
[EventDate "2021.??.??"]
[EventType "blitz"]

1. e4 e5 2. Nf3 d5 3. Nxe5 Bd6 4. d4 dxe4 5. Bc4 Bxe5 6. Qh5 Qe7 7. dxe5 Nc6 8.
Bf4 Be6 9. Bb5 Qb4+ 10. Nc3 Qxb2 11. Bxc6+ bxc6 12. O-O Qxc3 13. Qg5 Ne7 14.
Qxg7 Rg8 15. Qxh7 O-O-O 16. Qxe4 Bd5 {Normal} 0-1

[Event "Rated Blitz game"]
[Site "?"]
[Date "2021.10.08"]
[Round "?"]
[White "Bcsillo"]
[Black "RCompany_1"]
[Result "1-0"]
[WhiteElo "2417"]
[BlackElo "2401"]
[PlyCount "119"]
[EventDate "2021.??.??"]
[EventType "blitz"]

1. e4 e5 2. Nf3 d5 3. exd5 e4 4. Ne5 Qxd5 5. d4 exd3 6. Nxd3 Nc6 7. Nc3 Qa5 8.
g3 Bf5 9. Bg2 O-O-O 10. Bxc6 bxc6 11. Qf3 Kb7 12. Bd2 Nf6 13. a3 Re8+ 14. Be3
Bg4 15. Qf4 Bd6 16. Qa4 Qb6 17. O-O Rxe3 18. fxe3 Qxe3+ 19. Rf2 Bh3 20. Re1 Qb6
21. Qh4 Be6 22. Na4 Qb5 23. Nc3 Qb6 24. b4 Ng4 25. Na4 Qb5 26. Nac5+ Bxc5 27.
Nxc5+ Kb6 28. Nxe6 Nxf2 29. Qd4+ c5 30. Nxc5 Qc6 31. Qxf2 Kb5 32. Qe2+ Kb6 33.
Qe3 Re8 34. Qxe8 Qxe8 35. Rxe8 Kc6 36. Re7 f5 37. Rxg7 f4 38. Rxh7 fxg3 39.
hxg3 Kd5 40. g4 c6 41. Rf7 Kc4 42. g5 a5 43. g6 axb4 44. axb4 Kxb4 45. Ne4 Kc4
46. Ng5 c5 47. Rc7 Kc3 48. Rxc5+ Kd2 49. Re5 Kc1 50. Rf5 Kb2 51. g7 Kc1 52.
g8=Q Kb2 53. c4 Kc3 54. Rf2 Kb4 55. c5 Kb5 56. c6 Kb6 57. c7 Kb7 58. c8=Q+ Kb6
59. Qb3+ Ka7 60. Ra2# {Normal} 1-0

[Event "Rated Blitz game"]
[Site "?"]
[Date "2021.10.08"]
[Round "?"]
[White "ntelias"]
[Black "RCompany_1"]
[Result "0-1"]
[WhiteElo "2422"]
[BlackElo "2391"]
[PlyCount "76"]
[EventDate "2021.??.??"]
[EventType "blitz"]

1. e4 e5 2. Nf3 d5 3. exd5 e4 4. Qe2 Nf6 5. d3 Qxd5 6. Nc3 Bb4 7. Bd2 Bxc3 8.
Bxc3 O-O 9. dxe4 Nxe4 10. Qc4 Nxc3 11. Qxc3 Qe4+ 12. Be2 Nc6 13. Qd3 Qb4+ 14.
Qc3 Qe7 15. Kf1 Re8 16. Bd3 Bg4 17. Re1 Qd7 18. Be2 Re4 19. h3 Bh5 20. g4 Bg6
21. Kg2 Rae8 22. Bb5 Rxe1 23. Rxe1 Rxe1 24. Bxc6 Rg1+ 25. Kxg1 bxc6 26. Qb4 h6
27. c3 Qd3 28. Nh4 Be4 29. Qd4 Qb1+ 30. Kh2 Bd5 31. Ng2 Qxb2 32. Kg3 Qxa2 33.
g5 hxg5 34. Qe5 Qc4 35. Qxg5 Qe4 36. Nf4 Qf3+ 37. Kh4 f6 38. Qg6 Qxf4+ {
Time forfeit} 0-1

[Event "Rated Blitz game"]
[Site "?"]
[Date "2021.10.08"]
[Round "?"]
[White "Kitikites"]
[Black "RCompany_1"]
[Result "1-0"]
[WhiteElo "2558"]
[BlackElo "2409"]
[PlyCount "69"]
[EventDate "2021.??.??"]
[EventType "blitz"]

1. e4 e5 2. Nf3 d5 3. Nc3 d4 4. Ne2 Nc6 5. d3 Bb4+ 6. c3 dxc3 7. bxc3 Ba5 8.
Qc2 Nf6 9. Ng3 O-O 10. Be2 Nd4 11. Nxd4 exd4 12. Bd2 Be6 13. O-O Re8 14. Rab1
b6 15. h3 c5 16. c4 Bxd2 17. Qxd2 Nd7 18. f4 f6 19. Rf2 Qc7 20. Rbf1 Re7 21. e5
fxe5 22. f5 Bf7 23. f6 Nxf6 24. Nf5 Ree8 25. Qg5 Bg6 26. Nxg7 Qxg7 27. Rxf6 Re7
28. Bf3 Rae8 29. Bd5+ Kh8 30. h4 Bxd3 31. Qxg7+ Kxg7 32. Rf7+ Kg6 33. R1f6+ Kh5
34. g3 Rxf7 35. Bf3# {Normal} 1-0

[Event "Rated Blitz game"]
[Site "?"]
[Date "2021.10.08"]
[Round "?"]
[White "Udemzo"]
[Black "RCompany_1"]
[Result "0-1"]
[WhiteElo "2428"]
[BlackElo "2390"]
[PlyCount "32"]
[EventDate "2021.??.??"]
[EventType "blitz"]

1. e4 e5 2. Nf3 d5 3. exd5 e4 4. Qe2 Nf6 5. d3 Qxd5 6. Nbd2 Nc6 7. Nxe4 Be6 8.
Nxf6+ gxf6 9. c3 O-O-O 10. d4 Bd6 11. Qb5 Qe4+ 12. Be2 Rhg8 13. O-O Bd5 14. Kh1
Rxg2 15. Kxg2 Rg8+ 16. Kh1 Qxf3+ {Normal} 0-1

[Event "Rated Blitz game"]
[Site "?"]
[Date "2021.10.08"]
[Round "?"]
[White "pd2001"]
[Black "RCompany_1"]
[Result "0-1"]
[WhiteElo "2414"]
[BlackElo "2397"]
[PlyCount "48"]
[EventDate "2021.??.??"]
[EventType "blitz"]

1. e4 e5 2. Nf3 d5 3. exd5 e4 4. Qe2 Nf6 5. d3 Qxd5 6. Nc3 Bb4 7. Bd2 Bxc3 8.
Bxc3 O-O 9. Bxf6 exf3 10. gxf3 gxf6 11. O-O-O Qxa2 12. Qe4 Qa1+ 13. Kd2 Qxb2
14. Rg1+ Kh8 15. Be2 Qe5 16. Qh4 Nc6 17. f4 Qd4 18. c3 Qd6 19. Rg3 Bf5 20. Rdg1
Rg8 21. Bg4 Qxf4+ 22. Kc2 Qxf2+ 23. Kb3 Bxg4 24. Rxg4 Qxh4 {Normal} 0-1

[Event "Rated Blitz game"]
[Site "?"]
[Date "2021.10.08"]
[Round "?"]
[White "Azamat-Ulkhanov"]
[Black "pashpawn"]
[Result "1-0"]
[WhiteElo "2492"]
[BlackElo "2466"]
[PlyCount "67"]
[EventDate "2021.??.??"]
[EventType "blitz"]

1. e4 e5 2. Nf3 d5 3. exd5 e4 4. Ne5 Qxd5 5. d4 exd3 6. Nxd3 Nf6 7. Nc3 Qe6+ 8.
Be2 Bd6 9. O-O O-O 10. Bf3 Nc6 11. Re1 Qf5 12. Ne4 Nxe4 13. Bxe4 Qd7 14. Qh5 g6
15. Qh6 Re8 16. Bg5 Bf8 17. Qh4 Bg7 18. h3 Nd4 19. Nf4 c6 20. Rad1 Qc7 21. Bf6
Bxf6 22. Qxf6 Ne6 23. Nh5 gxh5 24. Rd3 Qf4 25. Rg3+ Kf8 26. Qh8+ Ke7 27. Qxh7
h4 28. Rf3 Qd2 29. Qxf7+ Kd6 30. Rd3+ Qxd3 31. Bxd3 Bd7 32. Bf5 Re7 33. Rd1+
Kc7 34. Qxe7 {Normal} 1-0

[Event "Rated Blitz game"]
[Site "?"]
[Date "2021.10.08"]
[Round "?"]
[White "elGorditodeoro24"]
[Black "blackwolfrun"]
[Result "0-1"]
[WhiteElo "2436"]
[BlackElo "2257"]
[PlyCount "82"]
[EventDate "2021.??.??"]
[EventType "blitz"]

1. e4 e5 2. Nf3 d5 3. Nxe5 Bd6 4. d4 dxe4 5. Bd2 Bxe5 6. dxe5 Nc6 7. Qe2 Nd4 8.
Qxe4 Bf5 9. Qf4 Nxc2+ 10. Kd1 Bg6 11. Bc4 Nxa1 12. Na3 Ne7 13. Ke2 O-O 14. Rxa1
Nc6 15. Bc3 Qe7 16. Re1 Rad8 17. Kf1 Bd3+ 18. Kg1 Bxc4 19. Nxc4 Qe6 20. b3 b5
21. Ne3 Ne7 22. g4 Nd5 23. Nxd5 Rxd5 24. Re3 Rfd8 25. Kg2 Rd3 26. Rxd3 Rxd3 27.
Bb4 Qd5+ 28. f3 c5 29. Ba5 h6 30. h4 c4 31. bxc4 bxc4 32. g5 hxg5 33. hxg5 c3
34. g6 fxg6 35. Bb4 Rd2+ 36. Kg3 Re2 37. Bxc3 Qf7 38. Qd4 Rxa2 39. e6 Qe7 40.
Qd5 Ra6 41. f4 Rxe6 {Time forfeit} 0-1

[Event "Rated Blitz game"]
[Site "?"]
[Date "2021.10.08"]
[Round "?"]
[White "Malone3001"]
[Black "TyphoonRex"]
[Result "1-0"]
[WhiteElo "2438"]
[BlackElo "2257"]
[PlyCount "65"]
[EventDate "2021.??.??"]
[EventType "blitz"]

1. e4 e5 2. Nf3 d5 3. Nxe5 Bd6 4. d4 dxe4 5. Nc4 Be7 6. Ne3 Nf6 7. c4 O-O 8.
Nc3 Nc6 9. Nc2 Bg4 10. Be2 Bxe2 11. Nxe2 Nb4 12. Nxb4 Bxb4+ 13. Bd2 Bxd2+ 14.
Qxd2 c5 15. d5 Qe7 16. O-O Qe5 17. h3 Nh5 18. Nc3 Nf4 19. Qe3 Rae8 20. Rfe1 Qg5
21. Qg3 Qxg3 22. fxg3 Nd3 23. Rxe4 Rxe4 24. Nxe4 Nxb2 25. Rc1 b6 26. Rc3 Re8
27. Nd6 Re2 28. Nb5 Nd1 29. Rf3 Rxa2 30. Rd3 Ra1 31. d6 Nb2+ 32. Kh2 Nxd3 33.
d7 {Normal} 1-0

[Event "Rated Blitz game"]
[Site "?"]
[Date "2021.10.08"]
[Round "?"]
[White "Chess_man_2006"]
[Black "khalid_ontawar"]
[Result "1/2-1/2"]
[WhiteElo "2474"]
[BlackElo "2507"]
[PlyCount "137"]
[EventDate "2021.??.??"]
[EventType "blitz"]

1. e4 e5 2. Nf3 d5 3. Nxe5 Qe7 4. d4 f6 5. Qh5+ g6 6. Nxg6 Qxe4+ 7. Be3 Qxg6 8.
Qxd5 Nc6 9. Nc3 Bd6 10. Nb5 f5 11. Bc4 Nge7 12. Nxd6+ cxd6 13. Qf3 Qg4 14. Qxg4
fxg4 15. O-O-O Bf5 16. Bf4 O-O-O 17. Rhe1 Ng6 18. Bg3 h5 19. Be6+ Bxe6 20. Rxe6
Nf8 21. Rxd6 Rxd6 22. Bxd6 Ng6 23. d5 Nce5 24. Re1 Nf7 25. Bc5 b6 26. Bd4 Rd8
27. c4 Kd7 28. Kc2 Re8 29. Rxe8 Kxe8 30. Kd3 Kd7 31. Ke4 Nd6+ 32. Kd3 Nf4+ 33.
Kc3 Nxg2 34. Be5 Ne4+ 35. Kd4 Nxf2 36. b4 Nh4 37. Ke3 Nh3 38. c5 bxc5 39. bxc5
Nf5+ 40. Ke4 Ne7 41. c6+ Ke8 42. Bf6 Nf2+ 43. Ke5 Nd3+ 44. Ke6 Nf4+ 45. Ke5
Nfxd5 46. Bh4 Ne3 47. Ke6 Nxc6 48. Kf6 Ng2 49. Bg5 Nb4 50. Kg6 Nd5 51. Kxh5 Nc3
52. Kxg4 Nxa2 53. Kg3 Ne1 54. h4 Nd3 55. Kg4 Kf7 56. Kf5 Kg8 57. h5 Kh7 58. Ke6
Ndb4 59. Kd6 Nc3 60. Kc5 a5 61. Bd8 Nc6 62. Kxc6 a4 63. Be7 a3 64. Bxa3 Ne4 65.
Bb2 Ng3 66. Kd5 Nxh5 67. Ke4 Nf6+ 68. Kf5 Kg8 69. Bxf6 {Normal} 1/2-1/2

[Event "Rated Blitz tournament FnEHL99A"]
[Site "?"]
[Date "2021.10.08"]
[Round "?"]
[White "GMJOEY93"]
[Black "cuerosky"]
[Result "1-0"]
[WhiteElo "2740"]
[BlackElo "2218"]
[PlyCount "69"]
[EventDate "2021.??.??"]
[EventType "blitz"]

1. e4 e5 2. Nf3 d5 3. d4 dxe4 4. Nxe5 Bd6 5. Nc4 Nf6 6. Bg5 Bf5 7. Nc3 Nc6 8.
Ne3 Bg6 9. Bb5 O-O 10. Bxc6 bxc6 11. O-O Be7 12. Re1 Nd5 13. Bxe7 Nxe7 14. Nc4
f5 15. Ne5 Qd6 16. Qd2 Rad8 17. Rad1 Nd5 18. Qe2 Be8 19. Qc4 Kh8 20. a3 Nf4 21.
Qc5 Qf6 22. Re3 Bh5 23. Rde1 Nd5 24. Nxd5 cxd5 25. Rh3 Qg5 26. Qxc7 f4 27. g3
Rde8 28. Qd6 e3 29. fxe3 f3 30. Kf2 Qf5 31. g4 Qxc2+ 32. Kg3 Qg2+ 33. Kh4 f2
34. Rc1 Rxe5 35. Qxf8# {Normal} 1-0

[Event "Rated Blitz game"]
[Site "?"]
[Date "2021.10.08"]
[Round "?"]
[White "FatianovaT_wgm"]
[Black "RCompany_1"]
[Result "1-0"]
[WhiteElo "2408"]
[BlackElo "2408"]
[PlyCount "77"]
[EventDate "2021.??.??"]
[EventType "blitz"]

1. e4 e5 2. Nf3 d5 3. d3 dxe4 4. dxe4 Qxd1+ 5. Kxd1 Nf6 6. Nxe5 Nxe4 7. Be3 Bd6
8. Nc4 Nc6 9. Nxd6+ Nxd6 10. c3 Bf5 11. Nd2 O-O-O 12. Kc1 Rhe8 13. Be2 Ne5 14.
h3 Nd3+ 15. Bxd3 Bxd3 16. b3 Nf5 17. Re1 Nxe3 18. fxe3 Bg6 19. Re2 Rd3 20. Nc4
b5 21. Na3 a6 22. c4 b4 23. Nc2 a5 24. Kb2 Rc3 25. Rae1 Bd3 26. Rd2 Bxc2 27.
Rxc2 Rcxe3 28. Rxe3 Rxe3 29. Rf2 f6 30. a3 c5 31. axb4 axb4 32. Rf5 Re5 33. Rf2
Kc7 34. Kc2 Kd6 35. Kd3 f5 36. g3 g5 37. Rh2 Ke6 38. h4 g4 39. Rf2 {Time
forfeit} 1-0

[Event "Rated Blitz game"]
[Site "?"]
[Date "2021.10.08"]
[Round "?"]
[White "Parkrunner2038"]
[Black "alaeldin12"]
[Result "1-0"]
[WhiteElo "2485"]
[BlackElo "2392"]
[PlyCount "45"]
[EventDate "2021.??.??"]
[EventType "blitz"]

1. e4 e5 2. Nf3 d5 3. exd5 e4 4. Qe2 Nf6 5. Nc3 Be7 6. Nxe4 O-O 7. Nxf6+ Bxf6
8. Qd1 Qxd5 9. Be2 Bf5 10. O-O Nc6 11. d3 Rfe8 12. c3 Rad8 13. d4 Be4 14. Be3
h6 15. Qb3 Qh5 16. Rfe1 Be7 17. Ng5 Qg6 18. Nxe4 Qxe4 19. Bf3 Qg6 20. Qxb7 Na5
21. Qxc7 Qf5 22. b4 Rc8 23. Qxa5 {Normal} 1-0

[Event "Rated Blitz game"]
[Site "?"]
[Date "2021.10.08"]
[Round "?"]
[White "LevPaukman"]
[Black "RCompany_1"]
[Result "1-0"]
[WhiteElo "2508"]
[BlackElo "2445"]
[PlyCount "77"]
[EventDate "2021.??.??"]
[EventType "blitz"]

1. e4 e5 2. Nf3 d5 3. Nxe5 Bd6 4. d4 dxe4 5. Nc4 Be7 6. Bf4 Nf6 7. Ne3 O-O 8.
Be2 Nc6 9. c3 Bd6 10. Bxd6 Qxd6 11. O-O Be6 12. Nd2 Rad8 13. Qc2 Qf4 14. g3 Qh6
15. Nxe4 Rfe8 16. Nxf6+ Qxf6 17. Rfe1 Ne7 18. Bf1 c6 19. Rad1 h5 20. h4 a5 21.
b3 g5 22. hxg5 Qxg5 23. Ng2 Ng6 24. Re4 Bf5 25. Rxe8+ Rxe8 26. Qd2 Qg4 27. Re1
Rd8 28. Ne3 Qg5 29. Nc4 Qf6 30. Bd3 h4 31. Bxf5 Qxf5 32. Qe3 hxg3 33. fxg3 a4
34. Rf1 Qh3 35. Qf3 f6 36. Rf2 Re8 37. Ne3 Kg7 38. Nf1 Re6 39. Rh2 {Time
forfeit} 1-0

[Event "Rated Blitz game"]
[Site "?"]
[Date "2021.10.08"]
[Round "?"]
[White "chadi_chess"]
[Black "RCompany_1"]
[Result "0-1"]
[WhiteElo "2436"]
[BlackElo "2404"]
[PlyCount "76"]
[EventDate "2021.??.??"]
[EventType "blitz"]

1. e4 e5 2. Nf3 d5 3. exd5 e4 4. Nd4 Qxd5 5. Nb3 Qe5 6. Nc3 Nf6 7. Be2 Bd6 8.
d3 exd3 9. Qxd3 O-O 10. Be3 Nc6 11. O-O-O Bf5 12. Qc4 a5 13. h3 a4 14. Nd4 a3
15. b3 Nb4 16. Nxf5 Qxf5 17. Rd2 b5 18. Qxb5 Qg6 19. Qc4 Rfd8 20. Bf3 Rab8 21.
Rhd1 h6 22. g4 Re8 23. Kb1 Be5 24. Na4 c6 25. Bc5 Nfd5 26. Bd4 Bxd4 27. Qxd4
Rbd8 28. Bxd5 Nxd5 29. Qc5 Qe4 30. Qxa3 Ra8 31. Qc5 Rxa4 32. bxa4 Rb8+ 33. Ka1
Qxa4 34. Rd4 Qa8 35. Rxd5 cxd5 36. Qxd5 Qa3 37. Rb1 Qc3+ 38. Rb2 Qxb2# {Normal}
0-1

[Event "Rated Blitz game"]
[Site "?"]
[Date "2021.10.08"]
[Round "?"]
[White "badboyw"]
[Black "BrilliantGambiteer"]
[Result "1-0"]
[WhiteElo "2411"]
[BlackElo "2388"]
[PlyCount "127"]
[EventDate "2021.??.??"]
[EventType "blitz"]

1. e4 e5 2. Nf3 d5 3. exd5 Bd6 4. Nc3 f5 5. d4 e4 6. Ne5 Nf6 7. Bg5 Qe7 8. Bxf6
Qxf6 9. Nc4 O-O 10. Nxd6 cxd6 11. Be2 a6 12. a4 b6 13. Qd2 Bb7 14. g3 Qf7 15.
Bc4 Nd7 16. O-O-O Rac8 17. Bb3 Nf6 18. Qe2 Nxd5 19. Nxd5 Bxd5 20. Bxd5 Qxd5 21.
Qxa6 Qb3 22. Rd2 Qa2 23. Rdd1 Qa1+ 24. Kd2 Qxb2 25. Rc1 Qxd4+ 26. Ke2 f4 27.
Rhd1 Qc5 28. Qb5 fxg3 29. Qxc5 dxc5 30. hxg3 Rf6 31. Rf1 Ra8 32. Ra1 Rf3 33.
Rfb1 Ra6 34. Rb5 Rc3 35. Kd2 Rc4 36. a5 bxa5 37. Raxa5 Rd6+ 38. Ke3 Rxc2 39.
Rxc5 Rd3+ 40. Kxe4 Rxc5 41. Rxc5 Rd2 42. f4 h6 43. Kf5 Rd6 44. g4 Kh7 45. g5
hxg5 46. fxg5 g6+ 47. Ke5 Ra6 48. Rd5 Kg7 49. Rd7+ Kf8 50. Rd6 Rxd6 51. Kxd6
Kf7 52. Kd7 Kf8 53. Ke6 Kg7 54. Ke7 Kg8 55. Kf6 Kh7 56. Kf7 Kh8 57. Kxg6 Kg8
58. Kf6 Kf8 59. g6 Kg8 60. g7 Kh7 61. Kf7 Kh6 62. g8=Q Kh5 63. Qg3 Kh6 64. Qh4#
{Normal} 1-0

[Event "Rated Rapid game"]
[Site "?"]
[Date "2021.10.08"]
[Round "?"]
[White "jimmyrecard1"]
[Black "Generalluud"]
[Result "0-1"]
[WhiteElo "2444"]
[BlackElo "2278"]
[PlyCount "38"]
[EventDate "2021.??.??"]
[EventType "rapid"]

1. e4 e5 2. Nf3 d5 3. exd5 e4 4. Qe2 Nf6 5. d3 Qxd5 6. Nbd2 Be7 7. Nxe4 O-O 8.
g3 Bg4 9. Bg2 Nc6 10. c3 Rad8 11. Nxf6+ Bxf6 12. d4 Rfe8 13. Be3 Bxd4 14. Rd1
Ne5 15. Rxd4 Nxf3+ 16. Kf1 Nxd4 17. Qxg4 Qf5 18. Bh3 Qxg4 19. Bxg4 Nc2 {Normal}
0-1

[Event "Rated Blitz game"]
[Site "?"]
[Date "2021.10.08"]
[Round "?"]
[White "ThisIsTarda"]
[Black "arrashii"]
[Result "0-1"]
[WhiteElo "2468"]
[BlackElo "2348"]
[PlyCount "170"]
[EventDate "2021.??.??"]
[EventType "blitz"]

1. e4 e5 2. Nf3 d5 3. Nxe5 dxe4 4. d4 Be6 5. Be2 Nf6 6. O-O Nbd7 7. Nc3 Bb4 8.
Bd2 Bxc3 9. Bxc3 O-O 10. Nxd7 Qxd7 11. b3 Rad8 12. Bb2 Bg4 13. Bxg4 Qxg4 14.
Qxg4 Nxg4 15. Rfe1 f5 16. c4 c6 17. f3 Nf6 18. Rad1 Rfe8 19. Kf2 exf3 20. gxf3
Nh5 21. Bc1 Rxe1 22. Kxe1 f4 23. Kf2 Kf7 24. Bb2 h6 25. Re1 g5 26. h4 Re8 27.
Rxe8 Kxe8 28. hxg5 hxg5 29. d5 cxd5 30. cxd5 Kd7 31. Be5 a6 32. a4 Ke7 33. Ke2
Ng3+ 34. Kd3 Nf1 35. b4 Kf7 36. Ke4 Nd2+ 37. Kf5 Nxf3 38. Bc7 Ke7 39. Kg4 Nd4
40. Kxg5 f3 41. Bg3 Ne2 42. Bf2 Nc3 43. Bc5+ Kd7 44. a5 Nxd5 45. Kg4 f2 46.
Bxf2 Nxb4 47. Kf4 Kc6 48. Be1 Kb5 49. Ke5 Kxa5 50. Kd4 Kb5 51. Kc3 Nd5+ 52. Kb3
b6 53. Bd2 a5 54. Ka3 Nc7 55. Be1 Ka6 56. Bd2 b5 57. Be1 Nd5 58. Kb3 Kb6 59.
Bf2+ Kc6 60. Bd4 Nb6 61. Bc3 a4+ 62. Ka3 Kc5 63. Be1 Nc4+ 64. Ka2 b4 65. Bf2+
Kb5 66. Be1 b3+ 67. Kb1 a3 68. Ka1 Ka4 69. Kb1 b2 70. Bc3 Kb3 71. Bxb2 Nxb2 72.
Ka1 Na4 73. Kb1 Nc5 74. Ka1 Ne4 75. Kb1 Ng5 76. Ka1 Nf3 77. Kb1 Nd4 78. Ka1
Nc2+ 79. Kb1 a2+ 80. Kc1 a1=Q+ 81. Kd2 Qd4+ 82. Ke2 Qe3+ 83. Kf1 Qd2 84. Kg1
Ne3 85. Kh1 Qg2# {Normal} 0-1

[Event "Rated Blitz game"]
[Site "?"]
[Date "2021.10.08"]
[Round "?"]
[White "MisterMarple1963"]
[Black "Lorian2514"]
[Result "0-1"]
[WhiteElo "2489"]
[BlackElo "2584"]
[PlyCount "68"]
[EventDate "2021.??.??"]
[EventType "blitz"]

1. e4 e5 2. Nf3 d5 3. d4 dxe4 4. Nxe5 Bd6 5. Nc4 Nf6 6. Bg5 O-O 7. Be2 Nc6 8.
c3 h6 9. Bh4 Re8 10. O-O Bf5 11. Nbd2 g5 12. Nxd6 cxd6 13. Bg3 d5 14. f3 e3 15.
Nb3 b6 16. Nc1 Nh5 17. f4 Nxg3 18. hxg3 gxf4 19. Rxf4 Qg5 20. Kh2 Kh8 21. Nd3
Rg8 22. Qe1 Rae8 23. Rd1 Re4 24. Rxe4 Bxe4 25. Nf4 Ne7 26. Nh3 Qg7 27. Bf3 Bxf3
28. gxf3 h5 29. Nf4 Qg5 30. Ne2 h4 31. g4 f5 32. Qg1 f4 33. b3 Rc8 34. Rc1 Ng6
{Time forfeit} 0-1

[Event "Rated Blitz tournament 65dVI6rJ"]
[Site "?"]
[Date "2021.10.08"]
[Round "?"]
[White "The_moddest_guy"]
[Black "Niongsuzu"]
[Result "1-0"]
[WhiteElo "2403"]
[BlackElo "2250"]
[PlyCount "141"]
[EventDate "2021.??.??"]
[EventType "blitz"]

1. e4 e5 2. Nf3 d5 3. exd5 e4 4. Qe2 Nf6 5. Nc3 Be7 6. Nxe4 O-O 7. d3 Qxd5 8.
Bd2 Bg4 9. h3 Bh5 10. g4 Bg6 11. Nc3 Qd6 12. Bg2 Nc6 13. O-O Rad8 14. Rfe1 Rfe8
15. a3 Bf8 16. Qf1 Re7 17. Rxe7 Bxe7 18. Re1 a6 19. Ne2 Nd5 20. Ng3 b5 21. Ne4
Bxe4 22. Rxe4 Nf6 23. Re2 Bf8 24. Qe1 h6 25. Bc3 Nd5 26. Bd2 Nb6 27. Ne5 Nd4
28. Re4 Nxc2 29. Qe2 c5 30. Bc3 Nd4 31. Bxd4 cxd4 32. Nf3 Rc8 33. g5 hxg5 34.
Nxg5 Rc1+ 35. Bf1 Qg6 36. Rg4 Qf5 37. Qe4 Qxe4 38. Nxe4 f5 39. Nf6+ Kf7 40.
Rxd4 Kxf6 41. Kg2 Be7 42. Be2 Rc6 43. Bf3 Re6 44. Rh4 Bd6 45. Rh8 Kf7 46. d4
Kf6 47. Rb8 Kg6 48. Rxb6 Rf6 49. Rxa6 Be7 50. Ra7 Rd6 51. h4 Kf6 52. Rb7 Rd8
53. h5 Rd6 54. Rb8 Rd8 55. Rb7 Rd7 56. d5 Rxb7 57. d6 Rd7 58. dxe7 Rxe7 59. Bc6
Re5 60. Bxb5 Rc5 61. a4 Rc3 62. b4 Rc5 63. a5 Rc4 64. a6 Rxb4 65. a7 Rxb5 66.
a8=Q Rb2 67. Qf3 Ra2 68. Qc3+ Ke6 69. Qb3+ Ke5 70. Qxa2 Kf4 71. Qe2 {Time
forfeit} 1-0

[Event "Rated Blitz game"]
[Site "?"]
[Date "2021.10.08"]
[Round "?"]
[White "Erisapo"]
[Black "alaeldin12"]
[Result "0-1"]
[WhiteElo "2411"]
[BlackElo "2387"]
[PlyCount "30"]
[EventDate "2021.??.??"]
[EventType "blitz"]

1. e4 e5 2. Nf3 d5 3. exd5 e4 4. Qe2 Nf6 5. Nc3 Be7 6. Nxe4 O-O 7. d3 Nxd5 8.
Be3 Re8 9. O-O-O f5 10. Ned2 c6 11. g3 Bf6 12. Bg2 Qa5 13. Kb1 Bxb2 14. Kxb2
Qc3+ 15. Kc1 Qa3+ {Normal} 0-1

[Event "Rated Blitz game"]
[Site "?"]
[Date "2021.10.08"]
[Round "?"]
[White "Grandstodge"]
[Black "RCompany_1"]
[Result "0-1"]
[WhiteElo "2533"]
[BlackElo "2440"]
[PlyCount "60"]
[EventDate "2021.??.??"]
[EventType "blitz"]

1. e4 e5 2. Nf3 d5 3. exd5 e4 4. Qe2 Nf6 5. d3 Qxd5 6. Nbd2 Nc6 7. Nxe4 Be6 8.
Nxf6+ gxf6 9. Bd2 O-O-O 10. c4 Qd7 11. Bc3 Bb4 12. Qc2 Rhe8 13. O-O-O Bg4 14.
d4 Bxc3 15. bxc3 Na5 16. Bd3 Kb8 17. Rde1 Qc6 18. c5 b6 19. cxb6 axb6 20. Rxe8
Rxe8 21. Ne1 Nc4 22. f3 Bh5 23. Bxc4 Qxc4 24. Nd3 Re3 25. Rd1 Bg6 26. Nb2 Qxa2
27. Nd3 Qa1+ 28. Kd2 Rxd3+ 29. Qxd3 Qxd1+ 30. Kxd1 Bxd3 {Normal} 0-1